Los trabajos de penelopea. Seis: la lectura como acción hermenéutica
Gardado en:
| Autor Principal: | |
|---|---|
| Formato: | Desconocido |
| Publicado: |
Colombia:
Agora,
|
| Materias: | |
| Etiquetas: |
Engadir etiqueta
Sen Etiquetas, Sexa o primeiro en etiquetar este rexistro!
|
MARC
| LEADER | 000000000a22000000004500 | ||
|---|---|---|---|
| 001 | 000087 | ||
| 100 | 1 | |a Botero Torres, Raúl | |
| 245 | 1 | 0 | |a Los trabajos de penelopea. Seis: la lectura como acción hermenéutica |
| 260 | |a Colombia: |b Agora, | ||
| 310 | |a semestral | ||
| 650 | 4 | |a LECTURA | |
| 650 | 4 | |a TEXTO LITERARIO | |
| 773 | 0 | |t Con-Textos: Revista de Semiótica Literaria | |
| 773 | 0 | |g 2 | |
| 773 | 0 | |g 15 | |
| 773 | 0 | |g 1995 | |
| 773 | 0 | |g 5-15 | |
| 999 | |c 829 |d 829 | ||
